00694 a2200169 45000010006000000050017000060080041000230030015000640400040000790800046001192450039001652640033002043000019002375050215002561000020004717000033004913684720260407155640.0260407a1966 arg spa dAR-UNSa-BCEJYS aAR-UNSa-BCEJYSbspacAR-UNSa-BCEJYS a658.51xOrganización de la producción10aEl ordenamiento de la producción 1aBarcelona :bSagitarioc1966 a291 p.c21 cm. a1. Esquema de gestión industrial - 2. El ordenamiento - 3. La organización necesaria - 4. Método de producción en linea o extensión de tareas - 5. La implementación del ordenamiento en una empresa. 1 aRamboz, André1 aVallhonrat Bou, José Maria